000 00514cam a22001931 4500
001 af 48004531
003 DLC
005 20260227110908.0
008 890505s1944 be 000 1 dut c
010 _aaf 48004531
035 _a(OCoLC)19666557
040 _aCalifornia. Univ. Libr.
_cCU
_dDLC
042 _apremarc
050 0 0 _aPT6436.L43
_bB8
100 1 _aLeynen, Hubert,
_d1909-
245 1 3 _aDe buurt van Sint Jan,
_broman.
260 _aAntwerpen,
_bUitgeverij Ons Volk
_c[1944]
300 _a155 p.
_c18 cm.
999 _c6095
_d6095